| 000 | 00818nam a2200241 i 4500 | ||
|---|---|---|---|
| 001 | 126643 | ||
| 003 | ES-MaACL | ||
| 005 | 20250929063200.0 | ||
| 007 | t| | ||
| 008 | 070214s1984 sp r ||||1| spa d | ||
| 100 | 0 |
_aReventós, Jacint, _d1928- _996405 |
|
| 245 | 1 | 0 |
_aDos infancias y la guerra / _cJacint Reventós, Joan Reventós ; traducción de Pedro Roca. |
| 250 | _a1ª. ed. | ||
| 260 |
_aBarcelona : _bArgos Vergara, _c1984. |
||
| 300 |
_a209 p. ; _c22 cm. |
||
| 490 | 1 |
_aBiblioteca personal ; _v7 |
|
| 651 | 4 |
_aEspaña- _xHistoria- _y1936-1939, Guerra civil- _vRelatos personales. _98326 |
|
| 700 | 1 |
_aRoca, Pedro. _997981 |
|
| 700 | 1 |
_aReventós, Joan ( _d1927-2004) _9151763 |
|
| 830 | 0 |
_aBiblioteca personal ; _v7 _9186679 |
|
| 852 |
_aES-MaACL _jL-7762 _bR.108432 |
||
| 999 |
_c126643 _d126643 |
||